000 00232nam a22000977a 4500
999 _c521900
_d521900
082 _aTNC T1 Se48
100 _aSeligman, Ben B.
_936184
245 _aMain Currents In Modern Economics
260 _aNew York
_bFP
_c1962
300 _a887p.